000 00378nam a2200145Ia 4500
008 230917s9999||||xx |||||||||||||| ||und||
040 _e101519
_aMAIN
041 _aEnglish
082 _a005.133 N599B
100 _aNilsson, Dale R
245 0 _aBuilding j2ee applications with IBM websphere
260 _aNew Delhi
_bWiley Dreamtech
_c2003
300 _a650 p.
942 _cBK
999 _c122622
_d122622